Geography of Kentucky - Statistics

General Stats
  • This quiz has been taken 174 times
  • The average score is 11 of 18
Answer Stats
Question Answer % Correct
What river makes the northern border of Kentucky? Ohio River
92%
What is the state capital of Kentucky? Frankfort
90%
What region in northern Kentucky is also the name of a style of music? Bluegrass
78%
What well-known army fort stores a lot of gold? Fort Knox
77%
What city is known as the "Horse Capital of the World" and has only a horse on its flag? Lexington
72%
What cave has over 400 miles of passages? {Mammoth} Cave
71%
What Appalachian mountain pass is located between Kentucky, Tennessee and Virginia? {Cumberland} Gap
65%
What reddish small bird is the state bird of Kentucky? Northern cardinal
65%
What tourism program promotes the state's most famous drink, with 46 stops? The {Bourbon} Trail
63%
In what famous track in Louisville is the Kentucky Derby race held annually? {Churchill} Downs
62%
What metropolitan area, centered in another state, are the cities of Covington, Florence and Independence part of? Cincinnati
60%
On what river is the above located? {Kentucky} River
48%
What national recreational area is mostly situated in Kentucky? Land Between the {Lakes}
43%
After what Kentuckian is the main international airport of Louisville named? Muhammad Ali
42%
What type of metal did a facility near Paducah formerly enrich between 1952–2013? Uranium
39%
What name is given to the westernmost section of Kentucky – a land purchased by a the 7th U.S. president? {Jackson} Purchase
32%
What "colorful" mountain has the highest peak in Kentucky? Black Mountain
31%
What state park in Bardstown has the namesake of Kentucky's state song? My Old Kentucky Home
22%
No matching quizzes found
Score Distribution
Percent of People with Each Score
Percentile by Number Answered
Your Score History
You have not taken this quiz